| 000 | 00685nam a2200193Ia 4500 | ||
|---|---|---|---|
| 999 |
_c6925 _d6925 |
||
| 003 | GCL | ||
| 005 | 20240530095414.0 | ||
| 008 | 140319s9999 xx 000 0 ara d | ||
| 040 |
_aGCL / _cGCL |
||
| 082 | 0 | 4 |
_a091.1 _bق ف |
| 100 | 1 | _aقاسم السامرائى | |
| 245 | 1 | 0 |
_aالفهرس الوصيفى لمخطوطات السيرة النبوية ومتعلقاتها / _cقاسم السامرائى |
| 260 |
_aالرياض : _bجامعة الملك سعود ، _c1995 |
||
| 300 |
_a193 ص ؛ _c24 سم |
||
| 650 | 0 | 4 | _aالسيرة النبوية |
| 650 | 0 | 4 | _aالمخطوطات العربية |
| 650 | 0 | 4 | _aالمخطوطات العربية - فهرسة |
| 942 |
_2ddc _cBK |
||